Music Quiz

Random Music or Pop Music Quiz

Four-Word #1 Hits Quiz Stats

 Plays Quiz Updated Jul 28, 2017

Support Sporcle.
Go Orange.
Score 0/30 Timer 06:00
2 Plays Today
% Correct
Michael Jackson
91.2%
Bon Jovi
90.8%
The Police
90.4%
Guns N' Roses
89%
Survivor
88.8%
Sonny & Cher
88%
Will Smith
87.4%
Bangles
86.3%
Simon & Garfunkel
85.1%
U2
84.5%
The Beatles
84.5%
Elton John
84.4%
Bobby McFerrin
81.5%
Elvis Presley
79%
Janis Joplin
77.1%
% Correct
Ray Charles
76%
Paul McCartney & Wings
74.5%
The Human League
74.4%
Barbra Streisand
73.1%
Blondie
72.8%
Billy Joel
72.5%
James Taylor
71.9%
Gladys Knight & the Pips
70.4%
Barry Manilow
69.4%
Commodores
67.7%
REO Speedwagon
67.6%
Three Dog Night
66.2%
The Monkees
65.7%
Manfred Mann's Earth Band
65.2%
The Doors
64.6%

You're not logged in!

Compare scores with friends on all Sporcle quizzes.
OR
Log In
Forgot?

From the Vault

Wasting Time in the '90s

by metashades

Nostalgic '90s trivia never feels like a waste of time.
Remove Ads.
Support Sporcle.
Get the best of Sporcle when you Go Orange. This ad-free experience offers more features, more stats, and more fun while also helping to support Sporcle. Thank you for becoming a member.

Show Comments

Extras

Top Quizzes Today


Score Distribution

Your Account Isn't Verified!

In order to create a playlist on Sporcle, you need to verify the email address you used during registration. Go to your Sporcle Settings to finish the process.

Report this User

Report this user for behavior that violates our Community Guidelines.

Details: